Quizzes
Events
Quiz Creation
Community
Videos
Private Events
Remove Ads
Sign In
Join for FREE
Feedback
Dark Mode
Quiz Categories
Sports
Geography
Music
Movies
Television
Just For Fun
Miscellaneous
History
Literature
Language
Science
Gaming
Entertainment
Religion
Holiday
For Kids
Quiz Lab
Recent
Popular Today
Quiz Kudos Today
Editor Picks
Curator Picks
Quizzes by...
Day
Popularity
Type
Ratings
Length
Year
Community
Subscriptions
Recent Discussions
Orange Saloon
Badges
Playlists
Quests
Create
Leaderboards
Showdown
Live 5
Trivia Bingo
Activity
Puzzle Library
Sporcle Events
Private Events
Virtual Trivia
Globe League
Become a Host
Pub Owners
SporcleCon
Opinionation
Our Games
Videos
Blog
Mobile Apps
Partnerships
Remove Ads and Go Orange
Feedback
Music
Pop Music
The Beatles
Song
Album
Lyrics
Bands
Singers
Artist
Clip
Rock
Rap
Classical
Billboard
Country Music
Kpop
Taylor Swift
Music
Pop Music
The Beatles
Song
Album
Lyrics
Bands
Singers
Artist
Clip
Rock
Rap
Classical
Billboard
Country Music
Kpop
Taylor Swift
Random Quiz
Search Sporcle
×
Quiz Lab
Quiz Lab
Music
Video Games
Type in answers that appear in a list
Type in answers that appear in a list
Classic
Best Score? Go Orange.
2015 Classic FM Hall of Fame Stats
Can you name the (sometimes unexpected) composers in the 2015 Classic FM Hall of Fame?
By
rockgolf
20m
300 Questions
1,002 Plays
1,002 Plays
1,002 Plays
Comments
Comments
Give Quiz Kudos
Give Quiz Kudos
-
- Ratings
hide this ad
More Info
Replay
Link that replays current quiz
Next Quiz
Link to next quiz in quiz playlist
You Got
0%
They Got
Avg Score
55%
Avg Friend Score
Upgrade to see
Score Distribution
Jump to the score distribution portion of the page
Score
0/300
Timer
20:00
0
Plays Today
#
Composer
% Correct
8
Wolfgang Amadeus Mozart
92.6%
31
Wolfgang Amadeus Mozart
92.6%
47
Wolfgang Amadeus Mozart
92.6%
71
Wolfgang Amadeus Mozart
92.6%
92
Wolfgang Amadeus Mozart
92.6%
101
Wolfgang Amadeus Mozart
92.6%
108
Wolfgang Amadeus Mozart
92.6%
131
Wolfgang Amadeus Mozart
92.6%
133
Wolfgang Amadeus Mozart
92.6%
137
Wolfgang Amadeus Mozart
92.6%
144
Wolfgang Amadeus Mozart
92.6%
147
Wolfgang Amadeus Mozart
92.6%
161
Wolfgang Amadeus Mozart
92.6%
212
Wolfgang Amadeus Mozart
92.6%
215
Wolfgang Amadeus Mozart
92.6%
230
Wolfgang Amadeus Mozart
92.6%
232
Wolfgang Amadeus Mozart
92.6%
272
Wolfgang Amadeus Mozart
92.6%
283
Wolfgang Amadeus Mozart
92.6%
5
Ludwig van Beethoven
92.2%
7
Ludwig van Beethoven
92.2%
10
Ludwig van Beethoven
92.2%
24
Ludwig van Beethoven
92.2%
27
Ludwig van Beethoven
92.2%
46
Ludwig van Beethoven
92.2%
72
Ludwig van Beethoven
92.2%
94
Ludwig van Beethoven
92.2%
112
Ludwig van Beethoven
92.2%
126
Ludwig van Beethoven
92.2%
146
Ludwig van Beethoven
92.2%
150
Ludwig van Beethoven
92.2%
224
Ludwig van Beethoven
92.2%
225
Ludwig van Beethoven
92.2%
251
Ludwig van Beethoven
92.2%
287
Ludwig van Beethoven
92.2%
45
Johann Sebastian Bach
89.7%
52
Johann Sebastian Bach
89.7%
58
Johann Sebastian Bach
89.7%
83
Johann Sebastian Bach
89.7%
91
Johann Sebastian Bach
89.7%
136
Johann Sebastian Bach
89.7%
152
Johann Sebastian Bach
89.7%
157
Johann Sebastian Bach
89.7%
166
Johann Sebastian Bach
89.7%
233
Johann Sebastian Bach
89.7%
253
Johann Sebastian Bach
89.7%
258
Johann Sebastian Bach
89.7%
48
John Williams
87.4%
82
John Williams
87.4%
100
John Williams
87.4%
124
John Williams
87.4%
173
John Williams
87.4%
242
John Williams
87.4%
296
John Williams
87.4%
18
Pyotr Ilyich Tchaikovsky
77.6%
39
Pyotr Ilyich Tchaikovsky
77.6%
50
Pyotr Ilyich Tchaikovsky
77.6%
75
Pyotr Ilyich Tchaikovsky
77.6%
77
Pyotr Ilyich Tchaikovsky
77.6%
85
Pyotr Ilyich Tchaikovsky
77.6%
114
Pyotr Ilyich Tchaikovsky
77.6%
117
Pyotr Ilyich Tchaikovsky
77.6%
145
Pyotr Ilyich Tchaikovsky
77.6%
158
Pyotr Ilyich Tchaikovsky
77.6%
172
Pyotr Ilyich Tchaikovsky
77.6%
269
Pyotr Ilyich Tchaikovsky
77.6%
34
George Frideric Handel
75.9%
62
George Frideric Handel
75.9%
116
George Frideric Handel
75.9%
171
George Frideric Handel
75.9%
184
George Frideric Handel
75.9%
229
George Frideric Handel
75.9%
238
George Frideric Handel
75.9%
125
Johannes Brahms
72.5%
179
Johannes Brahms
72.5%
180
Johannes Brahms
72.5%
236
Johannes Brahms
72.5%
241
Johannes Brahms
72.5%
250
Johannes Brahms
72.5%
254
Johannes Brahms
72.5%
298
Johannes Brahms
72.5%
28
Antonio Vivaldi
71.7%
213
Antonio Vivaldi
71.7%
73
Frédéric Chopin
70.9%
142
Frédéric Chopin
70.9%
169
Frédéric Chopin
70.9%
243
Frédéric Chopin
70.9%
245
Frédéric Chopin
70.9%
290
Frédéric Chopin
70.9%
86
Richard Wagner
70.4%
99
Richard Wagner
70.4%
162
Richard Wagner
70.4%
260
Richard Wagner
70.4%
98
Giuseppe Verdi
67.9%
130
Giuseppe Verdi
67.9%
148
Giuseppe Verdi
67.9%
174
Giuseppe Verdi
67.9%
4
Edward Elgar
66.8%
14
Edward Elgar
66.8%
107
Edward Elgar
66.8%
#
Composer
% Correct
168
Edward Elgar
66.8%
249
Edward Elgar
66.8%
285
Edward Elgar
66.8%
291
Edward Elgar
66.8%
293
Edward Elgar
66.8%
110
Richard Strauss
65.9%
96
Johann Strauss (II)
65.8%
218
Johann Strauss (I)
65.8%
240
Johann Strauss (II)
65.8%
12
Gustav Holst
65.1%
181
Franz Schubert
64.9%
182
Franz Schubert
64.9%
207
Franz Schubert
64.9%
208
Franz Schubert
64.9%
228
Franz Schubert
64.9%
246
Franz Schubert
64.9%
22
Edvard Grieg
64.8%
43
Edvard Grieg
64.8%
183
Edvard Grieg
64.8%
200
Edvard Grieg
64.8%
216
Franz Liszt
64.2%
297
Franz Liszt
64.2%
54
Georges Bizet
63.9%
120
Georges Bizet
63.9%
93
Giacomo Puccini
63.2%
97
Giacomo Puccini
63.2%
139
Giacomo Puccini
63.2%
170
Giacomo Puccini
63.2%
221
Giacomo Puccini
63.2%
153
Igor Stravinsky
63%
189
Igor Stravinsky
63%
38
Claude Debussy
62.5%
205
Claude Debussy
62.5%
262
Claude Debussy
62.5%
286
Claude Debussy
62.5%
289
Claude Debussy
62.5%
32
George Gershwin
62.1%
252
George Gershwin
62.1%
33
Camille Saint-Saëns
60.3%
70
Camille Saint-Saëns
60.3%
87
Camille Saint-Saëns
60.3%
113
Maurice Ravel
60.3%
255
Maurice Ravel
60.3%
263
Maurice Ravel
60.3%
280
Camille Saint-Saëns
60.3%
151
Gioachino Rossini
59.5%
247
Gioachino Rossini
59.5%
23
Jean Sibelius
59.3%
69
Jean Sibelius
59.3%
76
Jean Sibelius
59.3%
115
Jean Sibelius
59.3%
156
Jean Sibelius
59.3%
196
Jean Sibelius
59.3%
239
Jean Sibelius
59.3%
231
Franz Joseph Haydn
58.9%
266
Franz Joseph Haydn
58.9%
55
Felix Mendelssohn
58.7%
57
Felix Mendelssohn
58.7%
190
Felix Mendelssohn
58.7%
237
Felix Mendelssohn
58.7%
159
Aaron Copland
57.8%
176
Aaron Copland
57.8%
20
Antonin Dvořák
57.3%
138
Antonin Dvořák
57.3%
155
Modest Mussorgsky
57.3%
175
Modest Mussorgsky
57.3%
235
Antonin Dvořák
57.3%
264
Antonin Dvořák
57.3%
2
Sergei Rachmaninov
56.5%
37
Sergei Rachmaninov
56.5%
40
Sergei Rachmaninov
56.5%
42
Sergei Rachmaninov
56.5%
227
Sergei Rachmaninov
56.5%
1
Ralph Vaughan Williams
56.4%
3
Ralph Vaughan Williams
56.4%
51
Ralph Vaughan Williams
56.4%
109
Ralph Vaughan Williams
56.4%
149
Ralph Vaughan Williams
56.4%
279
Ralph Vaughan Williams
56.4%
295
Ralph Vaughan Williams
56.4%
203
Robert Schumann
54.7%
16
Samuel Barber
54.3%
67
Sergei Prokofiev
54.3%
211
Samuel Barber
54.3%
17
Johann Pachelbel
53.9%
35
Nikolai Rimsky-Korsakov
52.7%
198
Hector Berlioz
52.7%
26
Dmitri Shostakovich
52.3%
89
Dmitri Shostakovich
52.3%
134
Dmitri Shostakovich
52.3%
186
Dmitri Shostakovich
52.3%
197
Dmitri Shostakovich
52.3%
226
Dmitri Shostakovich
52.3%
79
Carl Orff
50.8%
56
Gustav Mahler
50.4%
88
Gustav Mahler
50.4%
178
Gustav Mahler
50.4%
276
Gustav Mahler
50.4%
135
Erik Satie
49.5%
234
Erik Satie
49.5%
#
Composer
% Correct
29
Gabriel Fauré
48.3%
104
Gabriel Fauré
48.3%
122
Gabriel Fauré
48.3%
274
Henry Purcell
46.8%
61
Bedrich Smetana
46.7%
64
Alexander Borodin
45.8%
81
Hans Zimmer
45.8%
111
Alexander Borodin
45.8%
277
Hans Zimmer
45.8%
292
Alexander Borodin
45.8%
129
Léo Delibes
41%
267
Léo Delibes
41%
15
Max Bruch
39.5%
187
Max Bruch
39.5%
192
Max Bruch
39.5%
210
Max Bruch
39.5%
105
Thomas Tallis
38%
257
Thomas Tallis
38%
21
Howard Shore
36.8%
185
Howard Shore
36.8%
44
Joaquín Rodrigo
35.5%
103
Jules Massenet
35.4%
25
Pietro Mascagni
31.9%
19
Karl Jenkins
31.3%
132
Karl Jenkins
31.3%
160
Karl Jenkins
31.3%
288
Christoph Willibald Gluck
31.3%
6
Gregorio Allegri
30.8%
248
Philip Glass
29.7%
36
Ennio Morricone
29.6%
63
Aram Khachaturian
29.2%
206
Aram Khachaturian
29.2%
66
Ludovico Einaudi
28.6%
123
Ludovico Einaudi
28.6%
140
Ludovico Einaudi
28.6%
271
Ludivico Einaudi
28.6%
294
Ludovico Einaudi
28.6%
80
Tomaso Albinoni
28.2%
191
William Walton
26.7%
268
Franz Lehár
26.4%
60
John Barry
25.7%
78
John Barry
25.7%
199
Hubert Parry
25.4%
219
Charles Gounod
25.4%
220
Hubert Parry
25.4%
65
Arvo Part
24.8%
278
Frederick Delius
23.5%
275
Murray Gold
23.2%
195
Peter Maxwell Davies
23.1%
106
Charles-Marie Widor
22.8%
143
Astor Piazzolla
22.8%
127
Gerald Finzi
21.3%
188
Gerald Finzi
21.3%
217
John Rutter
20%
223
John Rutter
20%
90
George Butterworth
18.9%
128
Ronald Binge
18.5%
141
Henryk Górecki
18.5%
164
Ronald Binge
18.5%
270
Ronald Binge
18.5%
13
Grant Kirkhope
18.2%
41
Grant Kirkhope
18.2%
59
Grant Kirkhope
18.2%
256
Eric Coates
17.3%
68
Arturo Marquez
16.6%
119
Arturo Marquez
16.6%
202
Klaus Badelt
16.6%
9
Nobuo Uematsu
16.4%
118
Nobuo Uematsu
16.4%
49
Jay Ungar
15.5%
74
Nigel Hess
15.3%
177
Nigel Hess
15.3%
121
Morten Lauridsen
14%
265
Morten Lauridsen
14%
95
Richard Addinsell
13.3%
194
Joseph Canteloube
13.3%
261
Eric Whitacre
12.9%
284
Eric Whitacre
12.9%
102
Craig Armstrong
12.4%
201
Francisco Tárrega
11.6%
84
Koji Kondo
11.4%
11
Jeremy Soule
10.7%
167
Hamish MacCunn
9.8%
282
Richard Harvey
8.5%
281
John Stanley
8.4%
154
Fiona Bennett
8.2%
204
Philip Stopford
8.2%
273
Fiona Bennett
8.2%
299
Fiona Bennett
8.2%
30
Yoko Shimomura
8.1%
53
Russell Brower, Neal Acree, Jason Hayes, Tracy Bush et al
7.5%
222
Stuart Mitchell
7.5%
300
Henry Charles Litolff
7.4%
165
Domenico Zipoli
6%
244
Martin O'Donnell
5.8%
259
Elliot Goldenthal
5.6%
209
Ola Gjeilo
5.2%
193
Gustavo Santaolalla
4.8%
214
Helen Jane Long
4.5%
163
Glen Stafford
4%
Quiz Playlist
Details
Report
Send in Message
Add To Playlist
More Info:
As noted on the comments on the source page, not all of these would be considered traditionally as Classical Music.
Classic:
Type in answers that appear in a list
Last Updated: Mar 29, 2017
Quiz Scoreboard
CHALLENGE
Sign Up to Join the Scoreboard
Show All
Scores
Hide
Comments
May contain spoilers
Recently Published
Billboard Blitz: Fleetwood Mac
by CooCooCachoo
Music
15s
Presidents Visiting Landmarks
by Hejman
History
7m
An Introduction to Baseball
by treessimontrees
Sports
5m
More to Explore
Quiz From the Vault
Featured Blog Post
Where Did the Easter Bunny Come From?
hide this ad
You Might Also Like...
Tags
Classical Quiz
Doctor Who Quiz
Video Games Quiz
2015
bach
Beethoven
classic
Classical Music
Composer
composition
Hans Zimmer
John Williams
Symphonic Classics
Today's Top Quizzes in Music
Browse Music
hide this ad
Today's Top Quizzes in Video Games
Browse Video Games
Top Contributed Quizzes in Music
1
Taylor Swift All Songs (2024)
2
Guess the Artist- 70s Songs
3
7-to-1: Billboard Hot 100 #1 Hits of 2010s
4
Sorting Albums and Songs
5
Taylor Swift Logic Puzzle
6
One Thing in Common: Music
7
2010s Album by Cover III
8
KPOP LOGIC QUIZ
9
Guess the Taylor Swift song (Mystery Song)
10
Guess the Artist- 80s Songs
Explore More
Trending Topics
Marvel
Harry Potter
Disney
Anime
NBA
Crossword
Kpop
NFL
The Office
Pokémon
Country
WWE
Soccer
Song
Puzzle
hide this ad
More By:
rockgolf
Quiz
Plays
Rating
Category
Featured
Created
The Beatles or Rebecca Black?
1,630,116
3.11
Music
May 3, 2011
Harry Potter Safe Cracker
996,171
4.43
Literature
Dec 3, 2010
Progressively Tougher World Capitals
989,618
4.60
Geography
Feb 28, 2010
Big 4 Sports Logos by Letter
902,337
4.10
Sports
Jan 23, 2010
Figure Out the Lyrics III
534,439
4.36
Music
Dec 14, 2009
Go to Creator's Profile
Score Distribution
Quiz Creator Spotlight
rockgolf
Follow
Send a Message
Quizzes Created
-
Created Quiz Play Count
-
More By This Creator
Popular Quizzes Today
1
Find the US States - No Outlines Minefield
2
Find the Countries of Europe - No Outlines Minefield
3
The Countries of the World
4
Find the US States
5
Popular People in 1961
6
US States
7
Risky Map Clicking: Biggest States A-Z
8
Movies - When Are They Set?
More Music Quizzes
What to Eat in Songs
Published
Trending Quizzes
Risky Map Clicking: Least Populous States A-Z
1-10 Letter G Words
1-10 Letter F Words
Risky Map Clicking: Next State Alphabetically
'A' Boys' Names Grid
Recently Updated
Leaping Animals
pecheneg
Reality TV Shows (A-Z)
bhenderson79
Rickey Henderson's Hall of Fame Teammates
pecheneg
Champions League XIs: Arsenal
pecheneg
Quick Pick: Celebrities in WWE's Hall of Fame
aduchscher
A-Z Keypad Blitz II
pecheneg
Multiple Oscar Actors
pecheneg
Mystery Phrase Blitz: Oscar 'Best Actors'
pecheneg
F. Scott Fitzgerald Novels
LTH
Pick 3 Villains
ddd62291
Trending Topics
Anime
Harry Potter
NBA
Marvel
Kpop
Disney
Crossword
The Office
WWE
NFL
Soccer
Pokémon
Country
Puzzle
Song
Your Account Isn't Verified!
In order to create a playlist on Sporcle, you need to verify the email address you used during registration. Go to your
Sporcle Settings
to finish the process.
Report this User
Report this user for behavior that violates our
Community Guidelines
.
Details:
Send Report
Go to the Sporcle.com Mobile Site →
Comments